000 00228nam a22000857a 4500
008 170616b xxu||||| |||| 00| 0 eng d
100 _93433
_aChakraborty. B
245 _aFriends of the green forest
260 _aNew delhi
_bN. B. T
_c2009
999 _c6808
_d6808